Statistics for Biology A-Z

Click here to take the quiz!

General Stats

  • This quiz has been taken 3,203 times
    (3,200 since last reset)
  • The average score is 14 of 26

Answer Stats

HintAnswer% Correct
Organ which secretes insulin.Pancreas
83%
Oestragen, Testosterone and Anti-diuretic are examples of this.Hormone
83%
If an allele is not recessive then it must be?Dominant
78%
Organ which gets rid of urine.Kidney
78%
Part of the digestive system which does nothing.Appendix
76%
Organelle which controls the processes of a cellNucleus
76%
Name for a female gamete sex cell.Egg
73%
The process of making offspring.Reproduction
72%
Phagocytes and lymphocytes are in this kind of blood cell.White
70%
Thread-like tail outside of a bacterium cell.Flagella
65%
The study of the patterns of inheritance of specific traits.Genetics
64%
Fertilised egg in early stages.Zygote
64%
Disease obtained from a lack of vitamin C.Scurvy
61%
Fungi involved in fermentation.Yeast
57%
Neurones can be either sensory or relay or?Motor
56%
Tissue in plant used to transport water; friend of phloem.Xylem
56%
Injection used to prevent illness.Vaccination.
55%
Process where water leaves a plant.Transpiration
48%
Compound that comprises of Carbon, Hydrogen & OxygenCarbohydrate
38%
Part of the small intestine.Jejunum
31%
Word used to describe something that can't move or diffuse throughImpermeable
29%
A series of organs working together on a specific function is an?Organism
25%
Device used to measure inhabitants of one square metre.Quadrat
25%
Reagent used to test if proteins are present.Biuret
22%
Enzyme used to, "glue," two substances together.Ligase
22%
Process which happens at the bowman's capsule in the nephron.Ultrafiltration
15%

Score Distribution

Percentile by Number Answered

Percent of People with Each Score

Your Score History

You have not taken this quiz since the last reset